Guess the Fusion Rock Song Lyrics #43 - Statistics

General Stats
  • This quiz has been taken 16 times
  • The average score is 158 of 256
Answer Stats
Answer % Correct
be
85%
be`
85%
Bloody
85%
I
85%
Sunday
85%
the
85%
The
85%
To
85%
today
85%
we
85%
We
85%
How
77%
it
77%
It
77%
long
77%
on
77%
this
77%
U2
77%
who
77%
and
69%
And
69%
as
69%
away
69%
can
69%
go
69%
just
69%
make
69%
news
69%
Oh
69%
one
69%
they
69%
Yeah
69%
battle
62%
can't
62%
from
62%
me
62%
must
62%
my
62%
sing
62%
song
62%
tonight
62%
Tonight
62%
When
62%
believe
54%
But
54%
but
54%
call
54%
close
54%
cry
54%
eyes
54%
is
54%
our
54%
won
54%
your
54%
begun
46%
children
46%
die
46%
has
46%
street
46%
tomorrow
46%
up
46%
against
38%
apart
38%
are
38%
back
38%
heed
38%
I'll
38%
let's
38%
tears
38%
tell
38%
under
38%
wall
38%
while
38%
Wipe
38%
wipe
38%
at
31%
battle's
31%
brothers
31%
Cause
31%
dead
31%
end
31%
feet
31%
it's
31%
lost
31%
many
31%
puts
31%
real
31%
sisters
31%
torn
31%
won't
31%
Bodies
23%
drink
23%
mothers
23%
true
23%
across
15%
Broken
15%
fact
15%
fiction
15%
hearts
15%
immune
15%
reality
15%
strewn
15%
There's
15%
tv
15%
victory
15%
within
15%
bloodshot
8%
bottles
8%
children's
8%
dug
8%
Jesus
8%
millions
8%
trench
8%
claim
0%
No matching quizzes found
Score Distribution
Percent of People with Each Score
Percentile by Number Answered
Your Score History
You have not taken this quiz